000 00837nam a2200241Ia 4500
001 17302
003 GE_BSU
008 181216s||||||||xx |||||||||||||| ||und||
040 _cGE_BSU
080 _a821.353.1+ 821.353.1_1
100 _aმოსაშვილი,ილო
245 _aრჩეული თხზულებანი სამ ტომად. ტომი I.
245 _bტომი I: პოეზია
245 _cრედ.:ილ. ხოშტარია;მხატვრ.:ნ.ლაფაჩი
260 _aთბილისი
260 _bსაბჭ.საქართველო
260 _c1968
300 _a437გვ.;21სმ
300 _e1ფ.პორტრ.
653 _aპოეზია
653 _aრჩეული თხზულებანი
942 _cBK
999 _c50361
_d50361